FIFA 22 Team of the Group Stage - Statistics

General Stats
  • This quiz has been taken 49 times
    33 since last reset
  • The average score is 11 of 24
Answer Stats
Rating Club Player % Correct
92 Manchester United Cristiano Ronaldo
96%
93 Bayern Munich Robert Lewandowski
96%
92 Liverpool Mohamed Salah
92%
90 Manchester United Bruno Fernandes
79%
90 PSG Gianluigi Donnarumma
54%
89 PSG Marquinhos
54%
88 RB Leipzig Christopher Nkunku
50%
89 Liverpool Trent Alexander-Arnold
50%
86 Ajax Antony
46%
87 Juventus Federico Chiesa
46%
88 Bayern Munich Leroy Sane
46%
89 Manchester City Joao Cancelo
42%
85 West Ham Said Benrahma
38%
88 Ajax Sebastien Haller
38%
86 Real Madrid Vinicius Jr
38%
87 Chelsea Andreas Christensen
29%
83 FK Bodo/Glimt Erik Botheim
29%
87 Wolfsburg Lukas Nmecha
29%
87 Villareal Etienne Capoue
25%
86 Braga Galeno
25%
84 Lyon Karl Toko-Ekambi
21%
74 Vitesse Maximilian Wittek
21%
85 Lille Tiago Djalo
21%
86 Napoli Victor Osimhen
17%
No matching quizzes found
Score Distribution
Percent of People with Each Score
Percentile by Number Answered
Your Score History
You have not taken this quiz since the last reset